[Event "Tarragona-ch Seniors"]
[Site "Cambrils"]
[Date "2020.03.05"]
[Round "7.16"]
[White "Plaza Pulgar, Mariano"]
[Black "Canaldas Ferran, Manuel"]
[Result "1/2-1/2"]
[WhiteElo "1700"]
[BlackElo "1581"]
[PlyCount "108"]
[EventDate "2020.01.23"]
[EventType "swiss"]
[EventRounds "8"]
[EventCountry "ESP"]
[SourceTitle "EXT 2024"]
[Source "ChessBase"]
[SourceDate "2023.10.10"]
[SourceVersion "1"]
[SourceVersionDate "2023.10.10"]
[SourceQuality "1"]

1. d4 d5 2. Bf4 Nf6 3. h3 Nc6 4. e3 h6 5. a3 g5 6. Bh2 Bg7 7. Nf3 a6 8. b4 b5 9. Nbd2 Be6 10. Ne5 Nxe5 11. Bxe5 0-0 12. Be2 Ne4 13. Bxg7 Kxg7 14. Nxe4 dxe4 15. c3 f5 16. Qc2 Bd5 17. Kd2 Qd6 18. c4 bxc4 19. Bxc4 Bxc4 20. Qxc4 f4 21. Rhf1 e5 22. Qc5 exd4 23. Qxd6 dxe3+ 24. fxe3 cxd6 25. exf4 gxf4 26. Rac1 d5 27. Rc5 d4 28. Rd5 e3+ 29. Kd3 Rae8 30. Rxd4 e2 31. Re1 f3 32. gxf3 Rxf3+ 33. Kd2 Rxa3 34. Rg4+ Kh7 35. Rg2 Rb8 36. Rgxe2 Ra2+ 37. Kc3 Rxe2 38. Rxe2 Rb6 39. Kc4 Kg6 40. Re5 Rf6 41. Kc5 h5 42. h4 Rf4 43. Re6+ Kf5 44. Rxa6 Rxh4 45. Ra1 Kf4 46. b5 Kg3 47. Rb1 Rf4 48. b6 h4 49. b7 Rf8 50. Rg1+ Kh2 51. Rg7 h3 52. Kc6 Kh1 53. Kc7 h2 54. b8Q Rxb8 1/2-1/2

[Event "Tarragona-ch Seniors"]
[Site "Cambrils"]
[Date "2020.02.20"]
[Round "5.17"]
[White "Canaldas Ferran, Manuel"]
[Black "Mercade Dolcet, Juan Maria"]
[Result "1/2-1/2"]
[WhiteElo "1581"]
[BlackElo "1607"]
[PlyCount "103"]
[EventDate "2020.01.23"]
[EventType "swiss"]
[EventRounds "8"]
[EventCountry "ESP"]
[SourceTitle "EXT 2024"]
[Source "ChessBase"]
[SourceDate "2023.10.10"]
[SourceVersion "1"]
[SourceVersionDate "2023.10.10"]
[SourceQuality "1"]

1. e4 c5 2. Nf3 d6 3. Nc3 Bg4 4. Be2 Nc6 5. a3 e6 6. d3 h6 7. h3 Bh5 8. Be3 Nf6 9. g4 Bg6 10. g5 hxg5 11. Bxg5 Be7 12. Qd2 Nh7 13. Bxe7 Qxe7 14. d4 0-0-0 15. 0-0-0 Nf6 16. d5 exd5 17. exd5 Ne5 18. Rde1 Qd7 19. Nxe5 dxe5 20. Bb5 Qd6 21. Bc4 a6 22. f3 Rh4 23. b3 b5 24. Bxb5 axb5 25. Nxb5 Qb6 26. a4 Rxd5 27. Qf2 Rh8 28. Nc3 Rdd8 29. Rxe5 Nd7 30. Rd5 c4 31. Qxb6 Nxb6 32. Rc5+ Kb7 33. a5 Rc8 34. Rb5 cxb3 35. Rxb6+ Ka8 36. Rxb3 Rhe8 37. Kb2 Re3 38. Rd1 Rb8 39. Rxb8+ Kxb8 40. Nb5 Re2 41. a6 Rxc2+ 42. Kb3 Rc8 43. Rd7 Bf5 44. Rb7+ Ka8 45. Nc7+ Rxc7 46. Rxc7 Bxh3 47. Rxf7 Be6+ 48. Kc3 Bxf7 49. Kd4 Ka7 50. Ke5 Bh5 51. f4 g6 52. Kf6 1/2-1/2

[Event "Tarragona-ch Seniors"]
[Site "Cambrils"]
[Date "2020.01.23"]
[Round "1.10"]
[White "Canaldas Ferran, Manuel"]
[Black "Torres Royo, Pedro"]
[Result "0-1"]
[WhiteElo "1581"]
[BlackElo "1838"]
[PlyCount "69"]
[EventDate "2020.01.23"]
[EventType "swiss"]
[EventRounds "8"]
[EventCountry "ESP"]
[SourceTitle "EXT 2024"]
[Source "ChessBase"]
[SourceDate "2023.10.10"]
[SourceVersion "1"]
[SourceVersionDate "2023.10.10"]
[SourceQuality "1"]

1. d4 d5 2. c4 c6 3. Nc3 Nf6 4. cxd5 cxd5 5. e3 g6 6. Bd3 Bg7 7. a3 0-0 8. Nge2 Nc6 9. 0-0 Bf5 10. Bxf5 gxf5 11. f3 Qd7 12. Nf4 b6 13. b4 Rac8 14. Nd3 Ne8 15. Bb2 e6 16. Rc1 Nd6 17. f4 Nc4 18. Rf3 f6 19. Rh3 h6 20. Rg3 Qf7 21. Rh3 Kh7 22. Ne2 Rg8 23. Rc2 Rc7 24. b5 N6a5 25. Nb4 Nxb2 26. Rxb2 Bf8 27. Ng3 Nc4 28. Nxd5 Nxb2 29. Qb1 Rxg3 30. Rxg3 exd5 31. Qxf5+ Kh8 32. h3 Nc4 33. Qd3 Nd6 34. Kh2 Ne4 35. Qe2 0-1

[Event "Tarragona-ch Seniors"]
[Site "Cambrils"]
[Date "2015.02.26"]
[Round "5.12"]
[White "Serrano Navas, Antonio"]
[Black "Canaldas Ferran, Manuel"]
[Result "0-1"]
[WhiteElo "1723"]
[BlackElo "1753"]
[PlyCount "118"]
[EventDate "2015.01.29"]
[EventType "swiss"]
[EventRounds "8"]
[EventCountry "ESP"]
[SourceTitle "EXT 2024"]
[Source "ChessBase"]
[SourceDate "2023.10.10"]
[SourceVersion "1"]
[SourceVersionDate "2023.10.10"]
[SourceQuality "1"]

1. e4 g6 2. c3 Bg7 3. d4 c6 4. e5 e6 5. Nf3 d6 6. Bf4 dxe5 7. Nxe5 Ne7 8. Bc4 0-0 9. 0-0 Nd7 10. Nxd7 Bxd7 11. Bd6 b5 12. Bb3 Re8 13. a3 a5 14. Re1 Nf5 15. Be5 f6 16. Bf4 Qc8 17. Nd2 a4 18. Ba2 Kh8 19. Nf3 Ne7 20. Re2 Nd5 21. Bxd5 cxd5 22. h3 Qc4 23. Qc2 e5 24. Be3 Bf5 25. Qd2 Bd3 26. Ree1 Be4 27. Nh2 Re7 28. dxe5 fxe5 29. Rad1 Rd8 30. Bg5 Qc5 31. Bxe7 Qxe7 32. Rxe4 Bf6 33. Rg4 e4 34. f3 Qc5+ 35. Kh1 e3 36. Qd3 Kg7 37. Nf1 Re8 38. Qxd5 Qxd5 39. Rxd5 e2 40. Rd7+ Kh6 41. Ng3 e1Q+ 42. Kh2 Qf2 43. Ne4 Be5+ 44. Ng3 Bxg3+ 45. Rxg3 Re1 46. Rg4 Qg1+ 47. Kg3 Re2 48. Rh4+ Kg5 49. Rd5+ Kf6 50. Rf4+ Ke6 51. Re4+ Rxe4 52. fxe4 Qe3+ 53. Kh2 Qf4+ 54. Kg1 Qc1+ 55. Kh2 Qxb2 56. Rc5 Qxa3 57. Rxb5 Qxc3 58. Rb6+ Ke5 59. Rb5+ Kxe4 0-1

[Event "Tarragona Province-ch Seniors"]
[Site "Salou"]
[Date "2014.02.13"]
[Round "3"]
[White "Canaldas Ferran, Manuel"]
[Black "Pellicero Beltran, Julio L"]
[Result "0-1"]
[WhiteElo "1762"]
[BlackElo "1814"]
[PlyCount "64"]
[EventDate "2014.01.30"]
[EventType "swiss"]
[EventRounds "8"]
[EventCountry "ESP"]
[SourceTitle "EXT 2024"]
[Source "ChessBase"]
[SourceDate "2023.10.10"]
[SourceVersion "1"]
[SourceVersionDate "2023.10.10"]
[SourceQuality "1"]

1. c4 Nf6 2. d4 c6 3. Nc3 g6 4. e4 d6 5. Nf3 Bg4 6. Be2 Bg7 7. Be3 0-0 8. Qb3 Qc7 9. Bf4 Nh5 10. Be3 Nd7 11. h3 Bxf3 12. Bxf3 e5 13. d5 Nhf6 14. 0-0 a6 15. dxc6 Qxc6 16. Nd5 Rfe8 17. Rad1 Rac8 18. Rc1 Nc5 19. Bxc5 dxc5 20. Rfd1 b5 21. Nxf6+ Bxf6 22. cxb5 axb5 23. Rd5 Qb6 24. Rcd1 Red8 25. Rxd8+ Rxd8 26. Rxd8+ Bxd8 27. Qd5 Bf6 28. g4 Kg7 29. Kg2 c4 30. Kg3 g5 31. Be2 h6 32. f3 Qg1# 0-1